[Event "XV Abierto de la Constitucion"]
[Site "San Sebastian De Los Reyes"]
[Date "2013.12.02"]
[Round "3.10"]
[White "Alvarez Abejon, Amilcar"]
[Black "Mazo Fernandez, Roberto"]
[Result "1-0"]
[WhiteElo "2081"]
[BlackElo "1740"]
[PlyCount "121"]
[EventDate "2013.11.30"]

1. d4 Nf6 2. c4 e6 3. Nc3 Bb4 4. e3 O-O 5. Bd3 d5 6. cxd5 exd5 7. Nge2 Re8 8.
O-O b6 9. Qc2 Bb7 10. Ng3 Nbd7 11. a3 Bxc3 12. bxc3 c5 13. Qd1 Ne4 14. Ne2 Ndf6
15. f3 Nd6 16. Ng3 Rc8 17. Ra2 cxd4 18. cxd4 Qd7 19. a4 Bc6 20. Re1 Rc7 21. Bc2
b5 22. Ba3 Nc4 23. e4 dxe4 24. fxe4 Nxa3 25. Rxa3 Qg4 26. Qxg4 Nxg4 27. Rc3
Rec8 28. Rb1 Bd7 29. Rxc7 Rxc7 30. Bd1 Ne3 31. Bb3 b4 32. h3 g6 33. Ne2 a5 34.
Kf2 Nf5 35. exf5 Bxf5 36. Rc1 Rxc1 37. Nxc1 Kf8 38. Ke3 Ke7 39. Nd3 h5 40. Ne5
f6 41. Nc6+ Kd7 42. Nxa5 g5 43. d5 h4 44. Nc6 g4 45. hxg4 Bxg4 46. Nxb4 h3 47.
gxh3 Bxh3 48. Kd4 Kc7 49. Kc5 Kb7 50. d6 Bd7 51. Nd5 f5 52. Nf6 Bc8 53. d7 Bxd7
54. Nxd7 f4 55. Kb5 f3 56. Bd5+ Ka7 57. Ne5 f2 58. Bg2 f1=Q+ 59. Bxf1 Kb7 60.
a5 Ka7 61. a6 1-0